MARC

LEADER 00000nam^a2200000^a^4500
001 000175026
005 20250521000000.0
009 20260310101550.68
020 |a 968-36-9620-1 
037 |a Acervo ITESO - Biblioteca 
041 |a ESP 
082 |a 330. 01  |b LOP 
100 |a López Latorre, José E.  |e (autor) 
245 1 0 |a Viaje por la alacena /  |c J.E. López Latorre. 
264 4 |a México :  |b UNAM, Facultad de Economía,  |c 2002, c2002 
300 |a 73 p. 
336 |a texto  |b txt  |2 rdacontenido 
337 |a sin mediación  |b n  |2 rdamedio 
338 |a volumen  |b nc  |2 rdasoporte 
649 |a XX 
650 |a Trabajo 
650 |a División del Trabajo 
650 |a Sueldos y Salarios 
650 |a Mercado de Trabajo 
650 |a Distribución del Ingreso 
650 |a Tecnología -  |x Aspectos Económicos 
650 |a Desarrollo Tecnológico 
650 |a Economía de la Tierra 
650 |a Recursos Naturales -  |x Aspectos Económicos 
650 |a Productividad 
650 |a Producto (Mezcla de Mercadotecnia) 
650 |a Autoconsumo 
650 |a Bienes de Capital 
650 |a Ahorro 
650 |a Excedente Económico -  |x Teoría 
650 |a Utilidad (Economía) 
650 |a Eficiencia (Economía) 
650 |a Precios 
650 |a Oferta y Demanda 
650 |a Consumo 
650 |a Costos Fijos 
650 |a Transferencia de Fondos 
650 |a Balanza de Pagos 
650 |a Inflación 
650 |a Crisis Económica 
650 |a Valor (Economía) 
650 |a Producto Nacional Bruto 
650 |a Ingreso per Cápita 
650 |a Exportaciones 
650 |a Tratado de Libre Comercio 
650 |a Comercio Internacional 
650 |a Comercio 
650 |a Estado de Bienestar 
650 |a Microeconomía 
650 |a Macroeconomía 
650 |a Desarrollo Económico-Social 
650 |a Capitalismo 
650 |a Comunismo 
650 |a Economía Internacional 
650 |a Economía -  |x Teoría 
910 |a Fondo General 
920 |a Impresos - Libros 
930 |a Colección General 
905 |a 101 
901 |a 0500113118  |b IT1  |c ACC  |u 20250521 
902 |a https://opac.biblio.iteso.mx/vufind/Record/000175026